| 000 | 00733nam a2200193 a 4500 | ||
|---|---|---|---|
| 005 | 20220831103822.0 | ||
| 008 | 010910s2000 r 000 0 eng d | ||
| 020 | _a8477387982 | ||
| 035 | _aUPN01000111152 | ||
| 049 | _aCG | ||
| 050 | 4 |
_aBF109 F74 _bV5.48 |
|
| 245 | 0 | 0 |
_aViena y Manchester : _bcorrespondencia entre Sigmund Freud y su sobrino Sam Freud (1911-1938) / _ced. Thomas Roberts ; tr. Pedro Navarro Serrano. |
| 260 |
_aMadrid, Esp. : _bSÃntesis, _c2000. |
||
| 300 | _a222 p., 1 h. pleg. | ||
| 440 | 0 |
_aPsicoanálisis. _pCorrespondencias ; _v1 |
|
| 600 | 1 | 4 |
_aFreud, Sigmund, _d1856-1939 _vCorrespondencia, memorias, etc. _922248 |
| 600 | 1 | 4 |
_aSALOMAN, FREUD, - _d1860-1945 - _vCORRESPONDENCIA, MEMORIAS, ETC. |
| 905 | _aLibro | ||
| 999 |
_c85061 _d85061 |
||